| 000 | 00523cam a2200157u 4500 | ||
|---|---|---|---|
| 082 |
_a684.083 _bHAY _cL-21, P-20. |
||
| 100 | 1 |
_aHaycock, Arthur Henry. [from old catalog] _945099 |
|
| 245 | 0 | 0 |
_aTenoning mortising and boring _bPrinciples of machine woodworking. |
| 260 |
_aKingston Hill, Surrey, _bTechnical Press, _c1948- |
||
| 300 |
_av. _billus. _c22 cm. |
||
| 526 |
_a0 _b0 _c0 _d684_083000000000000_HAY |
||
| 650 | 0 |
_aMCE _9379 |
|
| 650 | 0 |
_aWoodwork. _941973 |
|
| 650 | 0 |
_aWoodworking machinery. _945100 |
|
| 942 |
_2ddc _cBK |
||
| 999 |
_c548698 _d548698 |
||